[Event "NRW U18 op"]
[Site "Olpe"]
[Date "2005.10.02"]
[Round "3.17"]
[White "Gulatz, Maurice"]
[Black "Torkaman Abdari, Anousheh"]
[Result "1-0"]
[WhiteElo "1770"]
[BlackElo "1479"]
[PlyCount "137"]
[EventDate "2005.10.01"]
[EventType "swiss"]
[EventRounds "7"]
[EventCountry "GER"]
[SourceTitle "CBM 108 Extra"]
[Source "ChessBase"]
[SourceDate "2005.11.04"]
[SourceVersion "1"]
[SourceVersionDate "2005.11.04"]
[SourceQuality "1"]

1. d4 Nf6 2. c4 e6 3. Nf3 d5 4. Bg5 Be7 5. e3 0-0 6. Bd3 dxc4 7. Bxc4 Nbd7 8. 0-0 c5 9. Nc3 b6 10. Qe2 Bb7 11. Rfd1 h6 12. Bh4 Qe8 13. Rac1 Rc8 14. Bb5 cxd4 15. Rxd4 Bc5 16. Bxf6 Bxd4 17. Bxd4 Qe7 18. Rd1 Rfd8 19. Bxd7 Rxd7 20. Nb1 Bd5 21. Nc3 Bb7 22. Ne5 Rdc7 23. f4 a6 24. Bxb6 Rxc3 25. bxc3 Rxc3 26. Qb2 Rc8 27. Qb1 Bd5 28. e4 Ba8 29. Rd7 Qe8 30. Qd1 f6 31. Ng4 Bxe4 32. Rd8 Rxd8 33. Qxd8 Qxd8 34. Bxd8 Bb1 35. a4 a5 36. Bxa5 Bc2 37. g3 Bxa4 38. Kf2 Kf7 39. Ke3 Bd1 40. Nf2 Bc2 41. Kd4 Ke7 42. Ne4 f5 43. Nc5 Kd6 44. Bb4 Bb1 45. Nd3+ Kd7 46. Bf8 g6 47. Bxh6 Ke7 48. Ne5 Kf6 49. Bg5+ Kg7 50. Kc5 Be4 51. Kd6 Bd5 52. Nd3 Bc4 53. Nb4 Kf7 54. Nc6 Bd5 55. Nd8+ Kg8 56. Nxe6 Bg2 57. Ke7 Bh3 58. Kf6 Kh7 59. Nf8+ Kg8 60. Nxg6 Bg4 61. Nh4 Kh7 62. Nxf5 Bh3 63. Ne3 Kg8 64. Ke7 Kg7 65. f5 Bxf5 66. Nxf5+ Kg6 67. Bf4 Kxf5 68. Kf7 Kg4 69. Kg6 1-0

[Event "NRW-ch U16/18 Girls"]
[Site "Kranenburg"]
[Date "2005.03.31"]
[Round "5"]
[White "Torkaman Abdari, Anousheh"]
[Black "Schmale, Lina Maria"]
[Result "1/2-1/2"]
[WhiteElo "1522"]
[BlackElo "1278"]
[PlyCount "56"]
[EventDate "2005.03.28"]
[EventType "swiss"]
[EventRounds "7"]
[EventCountry "GER"]
[SourceTitle "CBM 105 Extra"]
[Source "ChessBase"]
[SourceDate "2005.05.01"]
[SourceVersion "1"]
[SourceVersionDate "2005.05.01"]
[SourceQuality "1"]

1. d4 d5 2. c4 c6 3. Nc3 Nf6 4. Nf3 Bf5 5. Bg5 Nbd7 6. e3 Qb6 7. b3 Qa5 8. Qd2 e6 9. a3 Bxa3 10. Bd3 Bxd3 11. Qxd3 Ne4 12. 0-0 Nxc3 13. Rxa3 Qxa3 14. Qxc3 dxc4 15. Qxc4 Nb6 16. Qd3 f6 17. Bf4 Nd5 18. Bg3 0-0 19. Nd2 Qb2 20. Nc4 Qc3 21. Qb1 Rfd8 22. Bd6 Rxd6 23. Nxd6 Qb4 24. Ne4 Nc3 25. Nxc3 Qxc3 26. Rc1 Qb4 27. Rc4 Qb6 28. h3 a5 1/2-1/2

[Event "Dortmund op-B"]
[Site "Dortmund"]
[Date "2004.07.29"]
[Round "7"]
[White "Torkaman Abdari, Anousheh"]
[Black "Schroeder, Marcel"]
[Result "1-0"]
[WhiteElo "1349"]
[BlackElo "1239"]
[PlyCount "22"]
[EventDate "2004.07.??"]
[EventType "swiss"]
[EventRounds "9"]
[EventCountry "GER"]
[SourceTitle "EXT 2006"]
[Source "ChessBase"]
[SourceDate "2005.11.24"]
[SourceVersion "1"]
[SourceVersionDate "2005.11.24"]
[SourceQuality "1"]

1. d4 Nf6 2. c4 e6 3. Nc3 Bb4 4. Bg5 c6 5. Nf3 d5 6. e3 Nbd7 7. Rc1 Qa5 8. a3 Bxc3+ 9. bxc3 Qxa3 10. c5 Ne4 11. Qc2 Ndf6 1-0

[Event "Duisburg Grossenbaum op"]
[Site "Duisburg"]
[Date "2004.05.30"]
[Round "4"]
[White "Ziebarth, Werner"]
[Black "Torkaman Abdari, Anousheh"]
[Result "1-0"]
[WhiteElo "1593"]
[BlackElo "1302"]
[PlyCount "79"]
[EventDate "2004.05.28"]
[EventType "swiss"]
[EventRounds "7"]
[EventCountry "GER"]
[SourceTitle "EXT 2006"]
[Source "ChessBase"]
[SourceDate "2005.11.24"]
[SourceVersion "1"]
[SourceVersionDate "2005.11.24"]
[SourceQuality "1"]

1. e4 e5 2. Nf3 Nc6 3. Bc4 Bc5 4. b4 Bxb4 5. c3 Ba5 6. d4 exd4 7. 0-0 dxc3 8. Qb3 Qe7 9. Nxc3 Bxc3 10. Qxc3 Nf6 11. Re1 Qb4 12. Qxb4 Nxb4 13. Rb1 Nc6 14. e5 Ng4 15. Ba3 b6 16. Ng5 Nh6 17. f4 Bb7 18. f5 Na5 19. e6 fxe6 20. Nxe6 Nxc4 21. Nxg7+ Kd8 22. Be7+ Kc8 23. Rbc1 Bd5 24. Bg5 Nf7 25. Bf4 Rg8 26. f6 Kb7 27. Re7 Ncd6 28. Rxd7 Rac8 29. g4 Rgd8 30. Re7 h6 31. h4 Rf8 32. g5 hxg5 33. hxg5 Nh8 34. Bxd6 Ng6 35. Rcxc7+ Rxc7 36. Rxc7+ Ka6 37. Bxf8 Nxf8 38. Rc2 Be4 39. Re2 Bg6 40. Kf2 1-0

[Event "Duisburg Grossenbaum op"]
[Site "Duisburg"]
[Date "2004.05.29"]
[Round "3"]
[White "Torkaman Abdari, Anousheh"]
[Black "Steinke, Carsten"]
[Result "0-1"]
[WhiteElo "1302"]
[BlackElo "1635"]
[PlyCount "84"]
[EventDate "2004.05.28"]
[EventType "swiss"]
[EventRounds "7"]
[EventCountry "GER"]
[SourceTitle "EXT 2006"]
[Source "ChessBase"]
[SourceDate "2005.11.24"]
[SourceVersion "1"]
[SourceVersionDate "2005.11.24"]
[SourceQuality "1"]

1. d4 g6 2. c4 Nf6 3. Nc3 Bg7 4. Nf3 d6 5. e4 0-0 6. Be3 e5 7. d5 Ng4 8. Qd2 f5 9. Bg5 Nf6 10. g3 Na6 11. h4 Qe8 12. Be2 Nxe4 13. Nxe4 fxe4 14. Nh2 Qf7 15. Qe3 Nb4 16. Bd1 Nd3+ 17. Kd2 Qxf2+ 18. Qxf2 Rxf2+ 19. Be2 Bd7 20. b3 Raf8 21. Raf1 Nb4 22. a3 Na6 23. Rxf2 Rxf2 24. Ke3 Rg2 25. Nf1 h6 26. Bd8 Kf7 27. h5 g5 28. b4 Ke8 29. Bxg5 hxg5 30. h6 Bh8 31. Bh5+ Ke7 32. Bg6 Ra2 33. Bxe4 Rxa3+ 34. Bd3 Nxb4 35. h7 Rxd3+ 36. Ke4 Rd4+ 37. Ke3 Rxc4 38. Rh5 Kf6 39. Nd2 Rc3+ 40. Kf2 Rc2 41. Ke1 Kg6 42. Rh2 Bg4 0-1